<?xml version='1.0' encoding='UTF-8'?>
  <record xmlns="http://www.loc.gov/MARC21/slim">
    <leader>00000cem a22000007i 4500</leader>
    <controlfield tag="001">ocn980374058</controlfield>
    <controlfield tag="003">OCoLC</controlfield>
    <controlfield tag="005">20251009202153.7</controlfield>
    <controlfield tag="008">850212s1850    ne        a     0   dut d</controlfield>
    <datafield tag="040" ind1=" " ind2=" ">
      <subfield code="a">QGJ</subfield>
      <subfield code="b">dut</subfield>
      <subfield code="c">QGJ</subfield>
      <subfield code="d">OCLCL</subfield>
      <subfield code="d">OCLCQ</subfield>
    </datafield>
    <datafield tag="035" ind1=" " ind2=" ">
      <subfield code="a">(OCoLC)980374058</subfield>
    </datafield>
    <datafield tag="245" ind1="0" ind2="0">
      <subfield code="a">Smallingerland, de negende grietenij van Oostergoo :</subfield>
      <subfield code="b">kadastrale gemeenten: 1. Rottevalle. 2. Oudega. 3. Dragten. 4. Boornbergum, IIe kanton (Beesterzwaag), IIe arrondissement (Heerenveen) 1848 ... /</subfield>
      <subfield code="c">J.W. Witteveen delin[eavi]t ; D. en H. Veelwaard sculps[erun]t ; L. Schweickhardt scrips[i]t.</subfield>
    </datafield>
    <datafield tag="255" ind1=" " ind2=" ">
      <subfield code="a">Schaal 1:25.000.</subfield>
    </datafield>
    <datafield tag="264" ind1=" " ind2="1">
      <subfield code="a">Leeuwarden :</subfield>
      <subfield code="b">W. Eekhoff,</subfield>
      <subfield code="c">[1850]</subfield>
    </datafield>
    <datafield tag="300" ind1=" " ind2=" ">
      <subfield code="a">1 krt. :</subfield>
      <subfield code="b">kopergrav., in kleur ;</subfield>
      <subfield code="c">70 x 85 cm</subfield>
    </datafield>
    <datafield tag="336" ind1=" " ind2=" ">
      <subfield code="a">cartografische afbeelding</subfield>
      <subfield code="b">cri</subfield>
      <subfield code="2">rdacontent/dut</subfield>
    </datafield>
    <datafield tag="337" ind1=" " ind2=" ">
      <subfield code="a">zonder medium</subfield>
      <subfield code="b">n</subfield>
      <subfield code="2">rdamedia/dut</subfield>
    </datafield>
    <datafield tag="338" ind1=" " ind2=" ">
      <subfield code="a">vel</subfield>
      <subfield code="b">nb</subfield>
      <subfield code="2">rdacarrier/dut</subfield>
    </datafield>
    <datafield tag="490" ind1="1" ind2=" ">
      <subfield code="a">Nieuwe atlas van de provincie Friesland / W. Eekhoff ;</subfield>
      <subfield code="v">9</subfield>
    </datafield>
    <datafield tag="500" ind1=" " ind2=" ">
      <subfield code="a">Uitgegeven op last der Staten van Friesland.</subfield>
    </datafield>
    <datafield tag="500" ind1=" " ind2=" ">
      <subfield code="a">Met schaalstok (5000 ellen).</subfield>
    </datafield>
    <datafield tag="500" ind1=" " ind2=" ">
      <subfield code="a">Legenda.</subfield>
    </datafield>
    <datafield tag="510" ind1="0" ind2=" ">
      <subfield code="a">Koeman, 2, 101-102</subfield>
    </datafield>
    <datafield tag="700" ind1="1" ind2=" ">
      <subfield code="a">Witteveen, J. W.</subfield>
    </datafield>
    <datafield tag="700" ind1="1" ind2=" ">
      <subfield code="a">Veelwaard, Danie͏̈l,</subfield>
      <subfield code="d">1796-1868.</subfield>
      <subfield code="1">https://id.oclc.org/worldcat/entity/E39PBJmHK6T6rB6VMpVrFbhCQq</subfield>
    </datafield>
    <datafield tag="700" ind1="1" ind2=" ">
      <subfield code="a">Veelwaard, Hermanus,</subfield>
      <subfield code="d">1814-1872.</subfield>
    </datafield>
    <datafield tag="700" ind1="1" ind2=" ">
      <subfield code="a">Schweickhardt, Leonardus,</subfield>
      <subfield code="d">1783-1862.</subfield>
      <subfield code="1">https://id.oclc.org/worldcat/entity/E39PCjwQdXhDkBX44rBVxmJdgq</subfield>
    </datafield>
    <datafield tag="700" ind1="1" ind2=" ">
      <subfield code="a">Eekhoff, Wopke,</subfield>
      <subfield code="d">1809-1880.</subfield>
    </datafield>
    <datafield tag="710" ind1="2" ind2=" ">
      <subfield code="a">Ministerie van Justitie (Nederland).</subfield>
      <subfield code="b">Bibliotheek,</subfield>
      <subfield code="e">former owner.</subfield>
      <subfield code="4">fmo</subfield>
      <subfield code="5">NL-UtRU</subfield>
    </datafield>
    <datafield tag="830" ind1=" " ind2="0">
      <subfield code="a">Nieuwe atlas van de provincie Friesland / W. Eekhoff ;</subfield>
      <subfield code="v">9.</subfield>
    </datafield>
    <datafield tag="936" ind1=" " ind2=" ">
      <subfield code="a">BATCHLOAD</subfield>
    </datafield>
  </record>